000 00627nam a2200205Ia 4500
005 20260121110033.0
008 008 260114s9999 xx 000 0 hin d
020 _a9788132353980
037 _aEBOOK
040 _aCRL
_bhin
_cCRL
041 _ahin
_2hin
084 _qCRL
100 _aसुधीर झा / Sudhir Jha
_9941280
245 0 _aपादप रोग विज्ञान / Paadap Rog Vigyan
260 _bभाषा प्रकाशन / Bhasha Prakashan
_c2020
856 _uhttps://bhashaprakashan.com/product-details/382546
942 _cEBOOK
999 _c1532945
_d1532945